000 00532nam a2200217Ia 4500
003 OSt
005 20230505094444.0
008 210423s2003 xx 000 0 und d
020 _a974480199
040 _cAL
041 _aeng
082 _a574 ROBM
100 _aROBERTS (M B V).
_998443
245 _aBiology: a functional approach.
250 _a4
260 _aNew Delhi
_bThomas Nelson and Sons
_c2003
300 _ax,693
_bPB
365 _b850
_cINR
906 _aapproach. ; Biology: ; functional
942 _2ddc
_cBK
999 _c163316
_d163316